|
|
|
|
| LEADER |
00000nab a2200000 a 4500 |
| 001 |
vtls000813160 |
| 003 |
SK-MaSNL |
| 005 |
20260304121927.0 |
| 008 |
250429c2002 xo 0 slo |
| 015 |
|
|
|a SNBRB2002/11-35268
|
| 035 |
|
|
|a CLN000164815
|
| 035 |
|
|
|a urn:nbn:sk:snk-abosg
|
| 035 |
|
|
|a (urnnbn)urn:nbn:sk:snk:ar-a03n8m
|
| 035 |
|
|
|a (uuid)c6090347-0fc2-466f-89d5-426f1375e52f
|
| 040 |
|
|
|a SNKBUCL
|b slo
|c SNKBUCL
|e AACR2
|
| 041 |
0 |
|
|a slo
|
| 044 |
|
|
|a xo
|c SK
|
| 080 |
|
|
|a 628.4.038:631+663/664
|2 1997
|
| 080 |
|
|
|a 631.002.68
|2 1997
|
| 080 |
|
|
|a 504.064.43/.45:631+663/664
|2 1997
|
| 080 |
|
|
|a 663/664.002.68
|2 1997
|
| 100 |
1 |
|
|a Kačeňák, Igor,
|d 1940-
|4 aut
|9 113132
|
| 245 |
1 |
0 |
|a Odpady a druhotné suroviny v agrosektore
|n (1. časť)
|c Igor Kačeňák, Renáta Kovariková
|
| 300 |
|
|
|b Sch.
|
| 650 |
0 |
7 |
|a poľnohospodársko-potravinársky komplex
|2 snkbucl
|9 58541
|
| 650 |
0 |
7 |
|a potravinársky odpad
|2 snkbucl
|9 179757
|
| 650 |
0 |
7 |
|a suroviny druhotné
|2 snkbucl
|9 882487
|
| 650 |
0 |
7 |
|a poľnohospodársky odpad
|2 snkbucl
|9 23706
|
| 655 |
|
7 |
|a články z novín a časopisov
|2 snkbucl
|9 267496
|
| 700 |
1 |
|
|a Kovariková, Renáta
|4 aut
|9 1427241
|
| 773 |
0 |
|
|t Odpady
|g Roč. 2, č. 9 (2002), s. 17-20
|x 1335-7808
|
| 850 |
|
|
|a Slovenská národná knižnica
|
| 852 |
|
|
|a Slovenská národná knižnica
|
| 954 |
|
|
|a odborná, vedecká literatúra pôvodná (slovenská)
|2 lita
|
| 958 |
|
|
|a article27
|
| 958 |
|
|
|a OND
|
| 958 |
|
|
|a EUIPO
|
| 992 |
|
|
|a RBX
|
| 999 |
|
|
|c 2887751
|d 2889681
|